| 000 | 01054cam a22003135i 4500 | ||
|---|---|---|---|
| 999 |
_c28856 _d28827 |
||
| 001 | 010697815 | ||
| 003 | EG-ScBUE | ||
| 005 | 20200927145115.0 | ||
| 008 | 820705s1982 enkab f b 001 0 eng d | ||
| 020 | _a0582300460 (pbk) | ||
| 040 |
_aUk _beng _erda _cUk _dEG-ScBUE |
||
| 082 | 0 | 4 |
_a364.91732 _bHER _222 |
| 100 | 1 |
_aHerbert, David T., _eauthor. |
|
| 245 | 1 | 4 |
_aThe geography of urban crime / _cDavid T. Herbert, University College of Swansea. |
| 250 | _aFirst edition. | ||
| 264 | 1 |
_aLondon ; _aNew York : _bLondman, _c1982. |
|
| 300 |
_axii,120 pages : _billustrations, maps ; _c24 cm. |
||
| 336 |
_atext _btxt _2rdacontent |
||
| 337 |
_aunmediated _bn _2rdamedia |
||
| 338 |
_avolume _bnc _2rdacarrier |
||
| 490 | 0 | _aTopics in applied geography | |
| 504 | _aIncludes bibliographical references and index. | ||
| 650 | 7 |
_aCrime _zEngland. _2BUEsh |
|
| 650 | 7 |
_aCrime _zOklahoma _zOklahoma City _xCase studies. _2BUEsh |
|
| 650 | 7 |
_aPolitical geography. _2BUEsh |
|
| 650 | 7 |
_aHuman ecology. _2BUEsh |
|
| 653 |
_bGGEN _cSeptember2020 |
||
| 942 |
_2ddc _cBB |
||